01309nam a2200325Ia 4500001001200000003000800012006001900020007001500039008004100054010001700095020001500112020001500127020001800142040002100160035002100181050002500202100002600227245020700253246001800460260007200478300003600550533015200586650001200738650002400750650002000774655002900794710001700823856012600840999001700966ebr10347309CaPaEBRm u cr cn|||||||||080520s2010 maua s 000 0 eng d z 2009933293 z1435454839 z1435455657 z9781435454835 aCaPaEBRcCaPaEBR a(OCoLC)64685726114aBF1381b.B353 2010eb1 aBalzano, Christopher.10aPicture yourself capturing ghosts on filmh[electronic resource] :bstep-by-step instruction for documenting the paranormal with photography and video /cChristopher Balzano ; foreword by Jeff Belanger.30aGhost hunting aBoston, MA :bCourse Technology, a part of Cengage Learning,c2010. axv, 236 p. :bchiefly col. ill. aElectronic reproduction.bPalo Alto, Calif. :cebrary,d2010.nAvailable via World Wide Web.nAccess may be limited to ebrary affiliated libraries. 0aGhosts. 0aSpirit photography. 0aParapsychology. 7aElectronic books.2local2 aebrary, Inc.40uhttp://site.ebrary.com/lib/rucke/Doc?id=10347309zAn electronic book accessible through the World Wide Web; click to view c44338d44338